Rubber-city and the Thai rubber processing potentials (Record no. 68207)
[ view plain ]
| 000 -LEADER | |
|---|---|
| fixed length control field | 00333nam a2200121Ia 4500 |
| 245 #0 - TITLE STATEMENT | |
| Title | Rubber-city and the Thai rubber processing potentials |
| 260 ## - PUBLICATION, DISTRIBUTION, ETC. (IMPRINT) | |
| Name of publisher | Rubber International Magazine |
| Year of publication | 2003 |
| 300 ## - PHYSICAL DESCRIPTION | |
| Number of Pages | 52-56 |
| 650 ## - SUBJECT ADDED ENTRY--TOPICAL TERM | |
| Topical Term | Rubber processing |
| 650 ## - SUBJECT ADDED ENTRY--TOPICAL TERM | |
| Topical Term | Rubber-city |
| 942 ## - ADDED ENTRY ELEMENTS (KOHA) | |
| Koha item type | Journals |
| Withdrawn status | Lost status | Damaged status | Not for loan | Home library | Current library | Shelving location | Date acquired | Serial Enumeration / chronology | Koha item type |
|---|---|---|---|---|---|---|---|---|---|
| Journals | RRII Library | RRII Library | Rubber general | 17/12/2021 | Volume 5, Issue 11 | Journals |